U.S. States by Counties - Statistics

General Stats
  • This quiz has been taken 67 times
  • The average score is 15 of 20
Answer Stats
Counties State % Correct
Miami-Dade, Gulf, Collier Florida
98%
Bronx, Westchester, St. Lawrence New York
95%
Philadelphia, Lackawanna, Huntingdon Pennsylvania
95%
Alameda, San Mateo, Riverside California
94%
Kitsap, Spokane, Whitman Washington
94%
Denver, Alamosa, Montezuma Colorado
92%
St. Louis, New Madrid, Dent Missouri
91%
Tarrant, Dallam, Galveston Texas
91%
Arkansas, Hot Spring, Little River Arkansas
89%
Dukes, Berkshire, Nantucket Massachusetts
84%
Washtenaw, Mackinac, Schoolcraft Michigan
81%
Will, Peoria, Jersey Illinois
72%
Cuyahoga, Athens, Licking Ohio
72%
Patrick, Hanover, Appomattox Virginia
69%
Sac, O'Brien, Dubuque Iowa
67%
Washoe, Nye, White Pine Nevada
61%
Dare, Columbus, Pitt North Carolina
50%
Haralson, Long, Butts Georgia
44%
Sanpete, Daggett, Weber Utah
41%
Hawkins, Unicoi, Cocke Tennessee
36%
No matching quizzes found
Score Distribution
Percent of People with Each Score
Percentile by Number Answered
Your Score History
You have not taken this quiz